Представление документа в формате MARC21

ПолеНазваниеЗначение
  Тип записи a
  Библиографический уровень m
001 Контрольный номер RU\infra-m\znanium\bibl\2236933
005 Дата корректировки 20260429142119.5
008 Кодируемые данные 260324s2025 RU g rus u
020 Индекс ISBN __
a ISBN 978-5-00223-122-5
040 Источник каталогиз. __
a Служба первич. каталог. Общество с ограниченной ответственностью «ЗНАНИУМ»
041 Код языка издания __
a Код языка текста rus
044 Код страны публикации __
a Код страны публикации RU
080 Индекс УДК __
a Индекс УДК 39
084 Индекс другой классификации/Индекс ББК __
2 Источник индекса rubbk
a Индекс другой классификации/Индекс ББК 833
084 Индекс другой классификации/Индекс ББК __
2 Источник индекса okso
a Индекс другой классификации/Индекс ББК 45.03.01
100 Автор __
a Автор Горпинко Е.
q Полное имя Горпинко Екатерина
245 Заглавие __
a Заглавие Стихи и вещи: Как поэты Серебряного века стали иконами стиля
b Продолж. заглавия Научно-популярная литература
250 Сведения об издании __
a Основные сведения об издании 1
260 Выходные данные __
a Место издания Москва
b Издательство ООО "Альпина нон-фикшн"
c Дата издания 2026
300 Физическое описание __
a Объем 240 с.
520 Аннотация __
a Аннотация Среди любителей поэзии едва ли найдется человек который не хотел бы знать как выглядели и что носили его любимые поэты. Многие помнят желтую кофту Маяковского модную кепку Есенина знаменитую челку Цветаевой или синее платье Ахматовой с портрета кисти Альтмана. Именно этих поэтов Серебряного века рассматривает Екатерина Горпинко и каждому посвящена отдельная глава. Выбор автора не случаен и основан не только на личных предпочтениях: героям этой книги удалось создать свой неповторимый запоминающийся стиль который проявился в том числе и во внешнем облике. Мода стала для них одним из способов самовыражения и как пишет автор «большинство предметов попав в их гардероб приобретали статус символа». Книга открывает новые грани личности прославленных поэтов и расширяет знания о культуре Серебряного века.
521 Примеч. о цел. назн. __
a Примеч. о целев. назн. Дополнительное образование
650 Тематические рубрики __
a Основная рубрика Филологические науки
x Основная подрубрика Литературоведение. Фольклористика
655 Указ. предметных рубрик (устаревшее) __
a Жанр/ форма (устаревшее) Научно-популярная литература
856 Электронный адрес документа 4_
a Имя сервера/домена znanium.ru
m Помощь ebs_support@infra-m.ru
n Местонахождение сервера НИЦ ИНФРА-М
u URL https://znanium.ru/catalog/document?id=474693
856 Электронный адрес документа 48
a Имя сервера/домена znanium.ru
d Путь /cover/2236
f Электронное имя 2236933.jpg
q Тип электронного формата image/jpeg
u URL https://znanium.ru/cover/2236/2236933.jpg
911 __
u 0030=https://znanium.ru/catalog/document?id=474693